000 02834nam a2200325 a 4500
008 190514s2016 ||||||||||||||||| || u
020 _a9781783606238
050 _aHC 79 Dev
100 _aOttemoller, Fungisai P. Gwanzura
245 1 0 _aDevelopment and sustainability : the challenge of social change
_cedited by Fungisai Gwanzura Ottemöller; Maurice Mittelmark; Gro Therese Lie; Alberto Cimadamore.
260 _aLondon
_bZed Books
_c2016
300 _aix, 182 pages, : illustrations
337 _acomputer
338 _aonline resource
_2rdacarrier
490 _aInternational studies in poverty research
500 _a.
505 _aForeword by Dag Rune Olsen 1. Development and Sustainability Science: Transdisciplinary Knowledge for Positive Social Change - Alberto D. Cimadamore, Fungisai P. Gwanzura Ottemöller, Gro Therese Lie and Maurice B. Mittelmark 2. Seeking Wisdom: A Transdisciplinary Perspective on Australian Indigenous Practices and Planetary Management - Mark G. Edwards 3. Policies for Poverty Reduction in a Transformative Green Economy - Enrique Delamonica 4. Health Promotion and Sustainable Development in Kazakhstan - Altyn Aringazina 5. Children's Literacy in Health and Sustainability - Neil Chadborn and Jane Springett 6. Participatory Research as a Tool for Change in Ecosystem Approaches to Health and Social Equity - Jane Springett 7. Connecting Development and Sustainability: Empowering People to Effective International Cooperation - Cristine Koehler Zanella 8. Sustainability and Transdisciplinary Knowledge: Experience Gained and Challenges Ahead - Gro Therese Lie, Alberto D. Cimadamore, Maurice B. Mittelmark and Fungisai P. Gwanzura Ottemöller;
650 0 _aSUSTAINABILITY
650 0 _aECONOMIC DEVELOPMENT
650 0 _aECONOMIC ASSISTANCE
700 _aLie, Gro Therese
700 _aMittelmark, Maurice B
700 _aCimadamore, Alberto D
995 _aKAPASA MAKASA LIBRARY OPEN ACCESS
_e749278
_FCBU-KAPASA MAKASA LIBRARY (Chinsali)
_I35.10
_jHC 79 Dev
_M4
_UAVAILABLE
_WMay 29, 2019
_y749278
_ZKapasa Makasa Library Open Acess Collection
995 _aMAIN LIBRARY OPEN ACCESS
_D35.70
_e748965
_FCBU-MAIN LIBRARY (Kitwe)
_jHC 79 Dev
_M2
_UAVAILABLE
_WMay 14, 2019
_y748965
_ZMain Library Open Access Collection
995 _aKAPASA MAKASA LIBRARY OPEN ACCESS
_e749279
_FCBU-KAPASA MAKASA LIBRARY (Chinsali)
_I35.10
_jHC 79 Dev
_M5
_UAVAILABLE
_WMay 29, 2019
_y749279
_ZKapasa Makasa Library Open Acess Collection
995 _aMAIN LIBRARY OPEN ACCESS
_D35.70
_e748964
_FCBU-MAIN LIBRARY (Kitwe)
_jHC 79 Dev
_M1
_UAVAILABLE
_WMay 14, 2019
_y748964
_ZMain Library Open Access Collection
995 _aMAIN LIBRARY OPEN ACCESS
_D35.70
_e748966
_FCBU-MAIN LIBRARY (Kitwe)
_jHC 79 Dev
_M3
_UAVAILABLE
_WMay 14, 2019
_y748966
_ZMain Library Open Access Collection
999 _c63489
_d63489